001810000a2200061000450024500560000030000370005677300260009310aLa religiosidad profunda es el secreto de los wayuu aNúm 56 (2000), Páginas 17-200 tPresencia Ecuménica